[Event "DEM U10 2023"]
[Site "Willingen GER"]
[Date "2023.05.31"]
[Round "6"]
[White "Pflugbeil, Julian"]
[Black "Hildebrand, Azat"]
[Result "1-0"]
[Termination "normal"]
[Board "19"]
[WhiteElo "1242"]
[BlackElo "1502"]
[WhiteClock "01:05:40"]
[BlackClock "00:13:16"]
[PlyCount "115"]
[WhiteFideId "34608850"]
[BlackFideId "34607536"]
[EventCountry "GER"]
[EventRounds "11"]
[EventType "swiss"]
[EventDate "2023.05.27"]

1. e4 {[%clk 01:15:58]} {[%emt 00:00:02]} c6 {[%clk 01:15:51]} {[%emt
00:00:10]} 2. d4 {[%clk 01:16:23]} {[%emt 00:00:04]} d5 {[%clk 01:16:00]}
{[%emt 00:00:21]} 3. exd5 {[%clk 01:16:48]} {[%emt 00:00:05]} cxd5 {[%clk
01:16:17]} {[%emt 00:00:14]} 4. Bd3 {[%clk 01:17:14]} {[%emt 00:00:04]} Nc6
{[%clk 01:15:56]} {[%emt 00:00:49]} 5. c3 {[%clk 01:17:37]} {[%emt 00:00:08]}
Nf6 {[%clk 01:15:17]} {[%emt 00:01:09]} 6. Bf4 {[%clk 01:17:56]} {[%emt
00:00:12]} Bg4 {[%clk 01:14:12]} {[%emt 00:01:34]} 7. Ne2 {[%clk 01:18:10]}
{[%emt 00:00:16]} e6 {[%clk 01:12:26]} {[%emt 00:02:16]} 8. O-O {[%clk
01:18:03]} {[%emt 00:00:38]} Bd6 {[%clk 01:10:46]} {[%emt 00:02:10]} 9. Bxd6
{[%clk 01:16:46]} {[%emt 00:01:47]} Qxd6 {[%clk 01:11:10]} {[%emt 00:00:05]}
10. Re1 {[%clk 01:16:46]} {[%emt 00:00:30]} O-O {[%clk 01:09:02]} {[%emt
00:02:38]} 11. f3 {[%clk 01:16:34]} {[%emt 00:00:42]} Bh5 {[%clk 01:08:26]}
{[%emt 00:01:05]} 12. Ng3 {[%clk 01:16:46]} {[%emt 00:00:18]} Bg6 {[%clk
01:08:24]} {[%emt 00:00:33]} 13. Na3 {[%clk 01:15:26]} {[%emt 00:01:51]} Bxd3
{[%clk 01:06:55]} {[%emt 00:01:58]} 14. Qxd3 {[%clk 01:15:39]} {[%emt
00:00:18]} a6 {[%clk 01:06:42]} {[%emt 00:00:43]} 15. Nc2 {[%clk 01:14:40]}
{[%emt 00:01:29]} Rfe8 {[%clk 01:03:44]} {[%emt 00:03:28]} 16. Re2 {[%clk
01:14:55]} {[%emt 00:00:15]} Rac8 {[%clk 00:57:09]} {[%emt 00:07:05]} 17. Rae1
{[%clk 01:13:09]} {[%emt 00:02:16]} b5 {[%clk 00:54:28]} {[%emt 00:03:12]} 18.
Qd2 {[%clk 01:10:16]} {[%emt 00:03:22]} Na5 {[%clk 00:49:07]} {[%emt 00:05:51]}
19. Nb4 {[%clk 01:04:45]} {[%emt 00:06:01]} Nc4 {[%clk 00:45:10]} {[%emt
00:04:28]} 20. Qg5 {[%clk 01:04:55]} {[%emt 00:00:19]} h6 {[%clk 00:45:02]}
{[%emt 00:00:39]} 21. Qh4 {[%clk 01:04:38]} {[%emt 00:00:45]} e5 {[%clk
00:38:33]} {[%emt 00:07:00]} 22. Nf5 {[%clk 01:04:28]} {[%emt 00:00:40]} Qb6
{[%clk 00:32:15]} {[%emt 00:06:48]} 23. Kh1 {[%clk 01:03:21]} {[%emt 00:01:37]}
exd4 {[%clk 00:24:58]} {[%emt 00:07:47]} 24. Ne7+ {[%clk 01:02:05]} {[%emt
00:01:46]} Rxe7 {[%clk 00:19:34]} {[%emt 00:05:54]} 25. Rxe7 {[%clk 01:02:19]}
{[%emt 00:00:16]} Nxb2 {[%clk 00:18:10]} {[%emt 00:01:54]} 26. cxd4 {[%clk
01:00:29]} {[%emt 00:02:20]} a5 {[%clk 00:17:15]} {[%emt 00:01:25]} 27. R7e2
{[%clk 00:58:53]} {[%emt 00:02:06]} axb4 {[%clk 00:12:18]} {[%emt 00:05:28]}
28. Rxb2 {[%clk 00:58:09]} {[%emt 00:01:14]} Rc4 {[%clk 00:12:16]} {[%emt
00:00:32]} 29. Rd1 {[%clk 00:57:49]} {[%emt 00:00:49]} Ne4 {[%clk 00:08:37]}
{[%emt 00:04:09]} 30. fxe4 {[%clk 00:56:24]} {[%emt 00:01:55]} Qxd4 {[%clk
00:08:27]} {[%emt 00:00:40]} 31. Rbb1 {[%clk 00:55:20]} {[%emt 00:01:34]} Qxe4
{[%clk 00:06:48]} {[%emt 00:02:08]} 32. Qd8+ {[%clk 00:55:42]} {[%emt
00:00:10]} Kh7 {[%clk 00:07:10]} {[%emt 00:00:08]} 33. Qxd5 {[%clk 00:56:06]}
{[%emt 00:00:05]} Qxd5 {[%clk 00:06:48]} {[%emt 00:00:52]} 34. Rxd5 {[%clk
00:56:31]} {[%emt 00:00:06]} b3 {[%clk 00:06:05]} {[%emt 00:01:12]} 35. axb3
{[%clk 00:56:40]} {[%emt 00:00:21]} Rb4 {[%clk 00:06:26]} {[%emt 00:00:09]} 36.
Kg1 {[%clk 00:57:02]} {[%emt 00:00:09]} Kg6 {[%clk 00:06:41]} {[%emt 00:00:14]}
37. Kf2 {[%clk 00:57:26]} {[%emt 00:00:06]} Kf6 {[%clk 00:06:48]} {[%emt
00:00:23]} 38. Ke3 {[%clk 00:57:51]} {[%emt 00:00:05]} Ke6 {[%clk 00:07:05]}
{[%emt 00:00:13]} 39. Rd4 {[%clk 00:58:18]} {[%emt 00:00:03]} Rxd4 {[%clk
00:07:17]} {[%emt 00:00:18]} 40. Kxd4 {[%clk 00:58:44]} {[%emt 00:00:04]} Kd6
{[%clk 00:07:39]} {[%emt 00:00:08]} 41. b4 {[%clk 00:59:03]} {[%emt 00:00:11]}
f5 {[%clk 00:08:01]} {[%emt 00:00:08]} 42. Rc1 {[%clk 00:59:29]} {[%emt
00:00:04]} g5 {[%clk 00:08:24]} {[%emt 00:00:07]} 43. Rc5 {[%clk 00:59:55]}
{[%emt 00:00:04]} f4 {[%clk 00:08:46]} {[%emt 00:00:07]} 44. Ke4 {[%clk
01:00:17]} {[%emt 00:00:08]} Ke6 {[%clk 00:09:02]} {[%emt 00:00:15]} 45. Rxb5
{[%clk 01:00:42]} {[%emt 00:00:04]} Kf6 {[%clk 00:09:06]} {[%emt 00:00:26]} 46.
Rb6+ {[%clk 01:01:09]} {[%emt 00:00:04]} Ke7 {[%clk 00:09:27]} {[%emt
00:00:08]} 47. Rxh6 {[%clk 01:01:33]} {[%emt 00:00:06]} Kd7 {[%clk 00:09:49]}
{[%emt 00:00:08]} 48. h4 {[%clk 01:01:58]} {[%emt 00:00:05]} g4 {[%clk
00:10:15]} {[%emt 00:00:05]} 49. Kxf4 {[%clk 01:02:21]} {[%emt 00:00:06]} g3
{[%clk 00:10:40]} {[%emt 00:00:05]} 50. Ke5 {[%clk 01:02:46]} {[%emt 00:00:05]}
Kc7 {[%clk 00:11:02]} {[%emt 00:00:09]} 51. Kd5 {[%clk 01:03:12]} {[%emt
00:00:04]} Kd7 {[%clk 00:11:21]} {[%emt 00:00:11]} 52. Rh7+ {[%clk 01:03:38]}
{[%emt 00:00:04]} Ke8 {[%clk 00:11:44]} {[%emt 00:00:07]} 53. b5 {[%clk
01:04:04]} {[%emt 00:00:05]} Kd8 {[%clk 00:11:44]} {[%emt 00:00:30]} 54. Kc6
{[%clk 01:04:30]} {[%emt 00:00:04]} Ke8 {[%clk 00:12:02]} {[%emt 00:00:12]} 55.
b6 {[%clk 01:04:55]} {[%emt 00:00:04]} Kf8 {[%clk 00:12:26]} {[%emt 00:00:06]}
56. b7 {[%clk 01:05:17]} {[%emt 00:00:09]} Kg8 {[%clk 00:12:52]} {[%emt
00:00:03]} 57. Rc7 {[%clk 01:05:44]} {[%emt 00:00:03]} Kf8 {[%clk 00:13:16]}
{[%emt 00:00:06]} 58. b8=R# {[%clk 01:05:40]} {[%emt 00:00:04]} 1-0

[Event "DEM U10 2023"]
[Site "Willingen GER"]
[Date "2023.05.31"]
[Round "6"]
[White "Haas, Leandro"]
[Black "Hamann, Friedrich"]
[Result "1/2-1/2"]
[Termination "normal"]
[Board "20"]
[WhiteElo "1337"]
[BlackElo "1404"]
[WhiteClock "01:17:11"]
[BlackClock "00:29:14"]
[PlyCount "41"]
[WhiteFideId "34632549"]
[BlackFideId "34622829"]
[EventCountry "GER"]
[EventRounds "11"]
[EventType "swiss"]
[EventDate "2023.05.27"]

1. d4 {[%clk 01:15:58]} {[%emt 00:00:02]} d5 {[%clk 01:15:27]} {[%emt
00:00:33]} 2. Bf4 {[%clk 01:16:22]} {[%emt 00:00:06]} Bf5 {[%clk 01:10:05]}
{[%emt 00:05:52]} 3. e3 {[%clk 01:16:45]} {[%emt 00:00:08]} Nf6 {[%clk
01:08:27]} {[%emt 00:02:08]} 4. Nd2 {[%clk 01:16:52]} {[%emt 00:00:23]} e6
{[%clk 01:07:50]} {[%emt 00:01:08]} 5. Ngf3 {[%clk 01:17:08]} {[%emt 00:00:13]}
Be7 {[%clk 01:02:47]} {[%emt 00:05:34]} 6. Be2 {[%clk 01:17:28]} {[%emt
00:00:10]} O-O {[%clk 01:02:55]} {[%emt 00:00:22]} 7. O-O {[%clk 01:17:53]}
{[%emt 00:00:05]} Nc6 {[%clk 01:01:46]} {[%emt 00:01:39]} 8. Re1 {[%clk
01:17:40]} {[%emt 00:00:42]} Re8 {[%clk 01:00:55]} {[%emt 00:01:21]} 9. c3
{[%clk 01:17:57]} {[%emt 00:00:14]} Bf8 {[%clk 00:56:20]} {[%emt 00:05:05]} 10.
Qb3 {[%clk 01:18:14]} {[%emt 00:00:14]} Rb8 {[%clk 00:55:06]} {[%emt 00:01:43]}
11. c4 {[%clk 01:17:56]} {[%emt 00:00:49]} Nh5 {[%clk 00:47:55]} {[%emt
00:07:40]} 12. Bg3 {[%clk 01:17:34]} {[%emt 00:00:53]} Nxg3 {[%clk 00:48:05]}
{[%emt 00:00:19]} 13. hxg3 {[%clk 01:17:42]} {[%emt 00:00:22]} dxc4 {[%clk
00:41:04]} {[%emt 00:07:31]} 14. Qxc4 {[%clk 01:17:31]} {[%emt 00:00:40]} Qd5
{[%clk 00:38:07]} {[%emt 00:03:27]} 15. Qxd5 {[%clk 01:16:50]} {[%emt
00:01:13]} exd5 {[%clk 00:38:23]} {[%emt 00:00:13]} 16. Nb3 {[%clk 01:16:54]}
{[%emt 00:00:26]} Bd6 {[%clk 00:32:47]} {[%emt 00:06:06]} 17. Rac1 {[%clk
01:16:31]} {[%emt 00:00:55]} Nb4 {[%clk 00:31:36]} {[%emt 00:01:38]} 18. a3
{[%clk 01:16:39]} {[%emt 00:00:23]} Nd3 {[%clk 00:30:59]} {[%emt 00:01:06]} 19.
Bxd3 {[%clk 01:17:02]} {[%emt 00:00:07]} Bxd3 {[%clk 00:31:19]} {[%emt
00:00:11]} 20. Rc3 {[%clk 01:17:11]} {[%emt 00:00:22]} Bf5 {[%clk 00:29:14]}
{[%emt 00:02:34]} 21. Nc5 {[%emt 00:12:30]} 1/2-1/2

[Event "DEM U10 2023"]
[Site "Willingen GER"]
[Date "2023.05.31"]
[Round "6"]
[White "Wettstein, Levin"]
[Black "Wüstenberg, Benjamin"]
[Result "1-0"]
[Termination "normal"]
[Board "22"]
[WhiteElo "1416"]
[BlackElo "1343"]
[WhiteClock "01:11:05"]
[BlackClock "01:07:46"]
[PlyCount "78"]
[WhiteFideId "34635866"]
[BlackFideId "34660259"]
[EventCountry "GER"]
[EventRounds "11"]
[EventType "swiss"]
[EventDate "2023.05.27"]

1. e4 {[%clk 01:15:59]} e5 {[%clk 01:15:56]} {[%emt 00:00:04]} 2. Nf3 {[%clk
01:16:24]} {[%emt 00:00:05]} Nc6 {[%clk 01:16:22]} {[%emt 00:00:04]} 3. Nc3
{[%clk 01:16:44]} {[%emt 00:00:09]} Nf6 {[%clk 01:16:21]} {[%emt 00:00:32]} 4.
d4 {[%clk 01:17:06]} {[%emt 00:00:08]} exd4 {[%clk 01:16:34]} {[%emt 00:00:17]}
5. Nxd4 {[%clk 01:17:29]} {[%emt 00:00:07]} Bc5 {[%clk 01:16:17]} {[%emt
00:00:47]} 6. Be3 {[%clk 01:17:51]} {[%emt 00:00:09]} Nxd4 {[%clk 01:16:29]}
{[%emt 00:00:18]} 7. Bxd4 {[%clk 01:18:11]} {[%emt 00:00:10]} d6 {[%clk
01:14:32]} {[%emt 00:02:27]} 8. Bxc5 {[%clk 01:18:21]} {[%emt 00:00:19]} dxc5
{[%clk 01:14:56]} {[%emt 00:00:06]} 9. Qxd8+ {[%clk 01:18:42]} {[%emt
00:00:09]} Kxd8 {[%clk 01:15:18]} {[%emt 00:00:08]} 10. O-O-O+ {[%clk
01:18:53]} {[%emt 00:00:20]} Bd7 {[%clk 01:15:13]} {[%emt 00:00:35]} 11. f3
{[%clk 01:18:26]} {[%emt 00:00:56]} c6 {[%clk 01:15:30]} {[%emt 00:00:13]} 12.
g4 {[%clk 01:18:04]} {[%emt 00:00:52]} Kc7 {[%clk 01:14:52]} {[%emt 00:01:07]}
13. Bc4 {[%clk 01:16:04]} {[%emt 00:02:30]} Rhf8 {[%clk 01:13:47]} {[%emt
00:01:36]} 14. e5 {[%clk 01:15:01]} {[%emt 00:01:33]} Ne8 {[%clk 01:13:18]}
{[%emt 00:00:59]} 15. Ne4 {[%clk 01:14:27]} {[%emt 00:01:04]} b6 {[%clk
01:11:48]} {[%emt 00:02:00]} 16. Ng5 {[%clk 01:11:42]} {[%emt 00:03:15]} b5
{[%clk 01:10:42]} {[%emt 00:01:37]} 17. Bxf7 {[%clk 01:11:46]} {[%emt
00:00:25]} a5 {[%clk 01:09:08]} {[%emt 00:02:05]} 18. Be6 {[%clk 01:10:39]}
{[%emt 00:01:36]} Bc8 {[%clk 01:05:32]} {[%emt 00:04:06]} 19. Bxc8 {[%clk
01:10:45]} {[%emt 00:00:24]} Kxc8 {[%clk 01:05:53]} {[%emt 00:00:09]} 20. Rhf1
{[%clk 01:10:09]} {[%emt 00:01:06]} h6 {[%clk 01:04:45]} {[%emt 00:01:38]} 21.
Ne6 {[%clk 01:08:57]} {[%emt 00:01:42]} Rf7 {[%clk 01:04:29]} {[%emt 00:00:46]}
22. Rd8+ {[%clk 01:08:55]} {[%emt 00:00:32]} Kb7 {[%clk 01:04:47]} {[%emt
00:00:12]} 23. Nxc5+ {[%clk 01:08:57]} {[%emt 00:00:29]} Ka7 {[%clk 01:05:07]}
{[%emt 00:00:10]} 24. Rxa8+ {[%clk 01:09:04]} {[%emt 00:00:22]} Kxa8 {[%clk
01:05:32]} {[%emt 00:00:06]} 25. Rd1 {[%clk 01:08:53]} {[%emt 00:00:41]} Nc7
{[%clk 01:05:42]} {[%emt 00:00:20]} 26. Rd7 {[%clk 01:08:53]} {[%emt 00:00:30]}
Rxd7 {[%clk 01:05:50]} {[%emt 00:00:23]} 27. Nxd7 {[%clk 01:09:17]} {[%emt
00:00:06]} Kb7 {[%clk 01:06:11]} {[%emt 00:00:09]} 28. Kd2 {[%clk 01:09:12]}
{[%emt 00:00:35]} Kc8 {[%clk 01:06:29]} {[%emt 00:00:13]} 29. Nc5 {[%clk
01:09:25]} {[%emt 00:00:16]} Kd8 {[%clk 01:06:49]} {[%emt 00:00:11]} 30. e6
{[%clk 01:09:43]} {[%emt 00:00:11]} Ke7 {[%clk 01:07:14]} {[%emt 00:00:06]} 31.
Ke3 {[%clk 01:09:44]} {[%emt 00:00:29]} Nxe6 {[%clk 01:07:30]} {[%emt
00:00:14]} 32. Nxe6 {[%clk 01:10:09]} {[%emt 00:00:06]} Kxe6 {[%clk 01:07:54]}
{[%emt 00:00:05]} 33. Ke4 {[%clk 01:10:28]} {[%emt 00:00:11]} c5 {[%clk
01:08:13]} {[%emt 00:00:12]} 34. h4 {[%clk 01:10:41]} {[%emt 00:00:17]} c4
{[%clk 01:08:23]} {[%emt 00:00:20]} 35. c3 {[%clk 01:10:44]} {[%emt 00:00:26]}
g6 {[%clk 01:08:02]} {[%emt 00:00:51]} 36. f4 {[%clk 01:10:48]} {[%emt
00:00:27]} b4 {[%clk 01:08:19]} {[%emt 00:00:14]} 37. a3 {[%clk 01:11:07]}
{[%emt 00:00:11]} a4 {[%clk 01:08:30]} {[%emt 00:00:19]} 38. axb4 {[%clk
01:11:23]} {[%emt 00:00:14]} g5 {[%clk 01:07:21]} {[%emt 00:01:39]} 39. fxg5
{[%clk 01:11:05]} {[%emt 00:00:47]} hxg5 {[%clk 01:07:46]} {[%emt 00:00:05]}
1-0

[Event "DEM U10 2023"]
[Site "Willingen GER"]
[Date "2023.05.31"]
[Round "6"]
[White "Serwane, Ruben"]
[Black "Rusch, Levi Adrian"]
[Result "1/2-1/2"]
[Termination "normal"]
[Board "23"]
[WhiteElo "1489"]
[BlackElo "1151"]
[WhiteClock "01:00:37"]
[BlackClock "00:58:32"]
[PlyCount "71"]
[WhiteFideId "34660232"]
[BlackFideId "34660224"]
[EventCountry "GER"]
[EventRounds "11"]
[EventType "swiss"]
[EventDate "2023.05.27"]

1. e4 {[%clk 01:15:58]} {[%emt 00:00:02]} e6 {[%clk 01:15:56]} {[%emt
00:00:05]} 2. d4 {[%clk 01:16:22]} {[%emt 00:00:06]} d5 {[%clk 01:16:19]}
{[%emt 00:00:07]} 3. e5 {[%clk 01:16:47]} {[%emt 00:00:04]} c5 {[%clk
01:16:44]} {[%emt 00:00:06]} 4. c3 {[%clk 01:17:13]} {[%emt 00:00:04]} Nc6
{[%clk 01:17:10]} {[%emt 00:00:04]} 5. Nf3 {[%clk 01:17:37]} {[%emt 00:00:06]}
Bd7 {[%clk 01:17:29]} {[%emt 00:00:12]} 6. Be2 {[%clk 01:17:57]} {[%emt
00:00:09]} f6 {[%clk 01:17:46]} {[%emt 00:00:13]} 7. O-O {[%clk 01:18:14]}
{[%emt 00:00:13]} fxe5 {[%clk 01:17:39]} {[%emt 00:00:37]} 8. dxe5 {[%clk
01:18:37]} {[%emt 00:00:07]} h5 {[%clk 01:17:46]} {[%emt 00:00:23]} 9. Qc2
{[%clk 01:18:32]} {[%emt 00:00:35]} Nge7 {[%clk 01:17:55]} {[%emt 00:00:21]}
10. Bd3 {[%clk 01:18:39]} {[%emt 00:00:23]} Nf5 {[%clk 01:18:12]} {[%emt
00:00:13]} 11. Re1 {[%clk 01:18:30]} {[%emt 00:00:38]} h4 {[%clk 01:18:27]}
{[%emt 00:00:16]} 12. Bxf5 {[%clk 01:18:52]} {[%emt 00:00:07]} exf5 {[%clk
01:18:28]} {[%emt 00:00:29]} 13. e6 {[%clk 01:19:07]} {[%emt 00:00:15]} Bc8
{[%clk 01:17:50]} {[%emt 00:01:08]} 14. Qxf5 {[%clk 01:19:28]} {[%emt
00:00:09]} Qf6 {[%clk 01:17:38]} {[%emt 00:00:43]} 15. Qxd5 {[%clk 01:19:16]}
{[%emt 00:00:41]} h3 {[%clk 01:16:10]} {[%emt 00:01:58]} 16. Bg5 {[%clk
01:19:10]} {[%emt 00:00:34]} Qg6 {[%clk 01:16:00]} {[%emt 00:00:42]} 17. g3
{[%emt 00:02:44]} Be7 {[%clk 01:15:36]} {[%emt 00:00:02]} 18. Bxe7 {[%clk
01:16:46]} {[%emt 00:01:33]} Nxe7 {[%clk 01:15:22]} {[%emt 00:00:42]} 19. Qxc5
{[%clk 01:17:02]} {[%emt 00:00:14]} Qg4 {[%clk 01:14:49]} {[%emt 00:01:05]} 20.
Nbd2 {[%clk 01:13:24]} {[%emt 00:04:08]} Rf8 {[%clk 01:13:19]} {[%emt
00:01:59]} 21. Re3 {[%clk 01:05:57]} {[%emt 00:07:58]} Rf5 {[%clk 01:09:58]}
{[%emt 00:03:50]} 22. Qd4 {[%clk 01:05:11]} {[%emt 00:01:17]} Qh5 {[%clk
01:06:18]} {[%emt 00:04:10]} 23. g4 {[%clk 01:04:24]} {[%emt 00:01:16]} Qg6
{[%clk 01:05:04]} {[%emt 00:01:45]} 24. Nh4 {[%clk 01:04:06]} {[%emt 00:00:47]}
Qg5 {[%clk 01:04:19]} {[%emt 00:01:17]} 25. Nxf5 {[%clk 01:04:16]} {[%emt
00:00:20]} Nxf5 {[%clk 01:04:35]} {[%emt 00:00:14]} 26. Qa4+ {[%clk 01:04:12]}
{[%emt 00:00:34]} Ke7 {[%clk 01:02:32]} {[%emt 00:02:34]} 27. Qb4+ {[%clk
01:03:42]} {[%emt 00:00:59]} Ke8 {[%clk 01:02:14]} {[%emt 00:00:48]} 28. Re5
{[%clk 01:03:32]} {[%emt 00:00:37]} a5 {[%clk 01:01:48]} {[%emt 00:01:00]} 29.
Qa4+ {[%clk 01:03:28]} {[%emt 00:00:34]} b5 {[%clk 01:00:18]} 30. Qxb5+ {[%clk
01:03:46]} {[%emt 00:02:11]} Ke7 {[%clk 00:59:45]} 31. Rxf5 {[%clk 01:03:50]}
{[%emt 00:01:29]} Qxg4+ {[%clk 00:59:53]} 32. Kf1 {[%clk 01:03:40]} {[%emt
00:01:03]} Ba6 {[%clk 00:59:52]} 33. Qxa6 {[%clk 01:03:27]} {[%emt 00:01:14]}
Rxa6 {[%emt 00:00:48]} 34. Rf3 {[%clk 01:03:16]} {[%emt 00:00:30]} Rxe6 {[%clk
00:58:45]} {[%emt 00:01:29]} 35. Re3 {[%clk 01:00:14]} {[%emt 00:03:33]} Rxe3
{[%clk 00:58:32]} {[%emt 00:00:43]} 36. fxe3 {[%clk 01:00:37]} {[%emt
00:00:07]} 1/2-1/2

[Event "DEM U10 2023"]
[Site "Willingen GER"]
[Date "2023.05.31"]
[Round "6"]
[White "Gendzelevsky, Stefan"]
[Black "Franke, Moritz"]
[Result "1-0"]
[Termination "normal"]
[Board "24"]
[WhiteElo "1442"]
[BlackElo "1141"]
[WhiteClock "00:24:38"]
[BlackClock "00:40:04"]
[PlyCount "69"]
[WhiteFideId "34637672"]
[BlackFideId "34629475"]
[EventCountry "GER"]
[EventRounds "11"]
[EventType "swiss"]
[EventDate "2023.05.27"]

1. e4 {[%clk 01:15:58]} {[%emt 00:00:01]} e5 {[%clk 01:15:54]} {[%emt
00:00:07]} 2. Nf3 {[%clk 01:16:24]} {[%emt 00:00:04]} Nc6 {[%clk 01:16:16]}
{[%emt 00:00:07]} 3. Bc4 {[%clk 01:16:49]} {[%emt 00:00:05]} Nf6 {[%clk
01:16:31]} {[%emt 00:00:15]} 4. d3 {[%clk 01:17:13]} {[%emt 00:00:06]} Bc5
{[%clk 01:16:43]} {[%emt 00:00:18]} 5. Nc3 {[%clk 01:17:12]} {[%emt 00:00:31]}
h6 {[%clk 01:16:52]} {[%emt 00:00:21]} 6. Be3 {[%clk 01:16:37]} {[%emt
00:01:05]} Bxe3 {[%clk 01:16:57]} {[%emt 00:00:25]} 7. fxe3 {[%clk 01:17:01]}
{[%emt 00:00:06]} d6 {[%clk 01:17:13]} {[%emt 00:00:14]} 8. Qd2 {[%clk
01:16:33]} {[%emt 00:00:57]} Bg4 {[%clk 01:17:31]} {[%emt 00:00:11]} 9. O-O-O
{[%clk 01:16:07]} {[%emt 00:00:59]} Bxf3 {[%clk 01:17:15]} {[%emt 00:00:45]}
10. gxf3 {[%clk 01:16:30]} {[%emt 00:00:06]} Nd7 {[%clk 01:14:38]} {[%emt
00:03:07]} 11. h4 {[%clk 01:15:31]} {[%emt 00:01:31]} Nb6 {[%clk 01:13:55]}
{[%emt 00:01:12]} 12. Bb3 {[%clk 01:15:13]} {[%emt 00:00:49]} Qd7 {[%clk
01:11:44]} {[%emt 00:02:40]} 13. d4 {[%clk 01:14:56]} {[%emt 00:00:48]} O-O-O
{[%clk 01:11:29]} {[%emt 00:00:44]} 14. Rdg1 {[%clk 01:13:16]} {[%emt
00:02:10]} f6 {[%clk 01:06:25]} {[%emt 00:05:35]} 15. f4 {[%clk 01:12:53]}
{[%emt 00:00:53]} Na5 {[%clk 01:05:48]} {[%emt 00:01:07]} 16. f5 {[%clk
01:08:28]} {[%emt 00:04:55]} Nxb3+ {[%clk 01:05:51]} {[%emt 00:00:27]} 17. axb3
{[%clk 01:08:48]} {[%emt 00:00:11]} d5 {[%clk 01:04:43]} {[%emt 00:01:38]} 18.
Rd1 {[%clk 00:59:28]} {[%emt 00:09:51]} dxe4 {[%clk 01:02:17]} {[%emt
00:02:56]} 19. Qf2 {[%clk 00:50:28]} {[%emt 00:09:30]} Qc6 {[%clk 00:49:28]}
{[%emt 00:13:18]} 20. Qg2 {[%clk 00:46:12]} {[%emt 00:04:46]} exd4 {[%clk
00:48:25]} {[%emt 00:01:33]} 21. exd4 {[%clk 00:46:18]} {[%emt 00:00:24]} Rhg8
{[%clk 00:48:03]} {[%emt 00:00:51]} 22. Qxe4 {[%clk 00:45:29]} {[%emt
00:01:20]} Qxe4 {[%clk 00:48:22]} {[%emt 00:00:12]} 23. Nxe4 {[%clk 00:45:54]}
{[%emt 00:00:05]} Rge8 {[%clk 00:48:34]} {[%emt 00:00:17]} 24. Rhe1 {[%clk
00:46:00]} {[%emt 00:00:24]} Nd5 {[%clk 00:44:51]} {[%emt 00:04:14]} 25. c3
{[%clk 00:42:11]} {[%emt 00:04:19]} Ne7 {[%clk 00:43:36]} {[%emt 00:01:43]} 26.
Ng3 {[%clk 00:42:23]} {[%emt 00:00:20]} g6 {[%clk 00:42:27]} {[%emt 00:01:38]}
27. fxg6 {[%clk 00:42:17]} {[%emt 00:00:37]} Nxg6 {[%clk 00:42:31]} {[%emt
00:00:26]} 28. Nf5 {[%clk 00:42:40]} {[%emt 00:00:07]} Rxe1 {[%emt 00:00:15]}
29. Rxe1 {[%clk 00:43:01]} {[%emt 00:00:08]} Kd7 {[%clk 00:41:47]} {[%emt
00:01:31]} 30. Rg1 {[%clk 00:41:47]} {[%emt 00:01:43]} Nf4 {[%clk 00:41:20]}
{[%emt 00:00:58]} 31. Rg7+ {[%clk 00:40:37]} {[%emt 00:01:39]} Ke6 {[%clk
00:41:05]} {[%emt 00:00:45]} 32. Nxh6 {[%emt 00:01:07]} Rh8 {[%clk 00:41:11]}
{[%emt 00:00:18]} 33. Rg4 {[%clk 00:38:48]} {[%emt 00:01:48]} Nd3+ {[%clk
00:41:03]} {[%emt 00:00:40]} 34. Kd2 {[%clk 00:31:18]} {[%emt 00:07:58]} Nxb2
{[%clk 00:40:04]} {[%emt 00:01:29]} 35. Rg6 {[%clk 00:24:38]} {[%emt 00:07:07]}
1-0

[Event "DEM U10 2023"]
[Site "Willingen GER"]
[Date "2023.05.31"]
[Round "6"]
[White "Fels, Mattis"]
[Black "König, Lian"]
[Result "1-0"]
[Termination "normal"]
[Board "25"]
[WhiteElo "1682"]
[BlackElo "924"]
[WhiteClock "01:14:25"]
[BlackClock "00:56:40"]
[PlyCount "31"]
[WhiteFideId "34623795"]
[BlackFideId "34660216"]
[EventCountry "GER"]
[EventRounds "11"]
[EventType "swiss"]
[EventDate "2023.05.27"]

1. d4 {[%clk 01:15:59]} {[%emt 20:18:43]} d5 {[%clk 01:15:51]} {[%emt
00:00:08]} 2. Nc3 {[%clk 01:16:26]} {[%emt 00:00:04]} Nf6 {[%clk 01:16:12]}
{[%emt 00:00:10]} 3. Bf4 {[%clk 01:16:50]} {[%emt 00:00:06]} c5 {[%clk
01:16:21]} {[%emt 00:00:21]} 4. e3 {[%clk 01:17:12]} {[%emt 00:00:08]} cxd4
{[%clk 01:16:36]} {[%emt 00:00:15]} 5. exd4 {[%clk 01:17:39]} {[%emt 00:00:04]}
a6 {[%clk 01:16:50]} {[%emt 00:00:16]} 6. Nf3 {[%clk 01:18:02]} {[%emt
00:00:06]} Nc6 {[%clk 01:16:44]} {[%emt 00:00:35]} 7. Ne5 {[%clk 01:17:58]}
{[%emt 00:00:35]} Nxe5 {[%clk 01:13:23]} {[%emt 00:03:51]} 8. dxe5 {[%clk
01:18:13]} {[%emt 00:00:15]} Nh5 {[%clk 01:10:44]} {[%emt 00:03:08]} 9. Qxh5
{[%clk 01:18:27]} {[%emt 00:00:17]} e6 {[%clk 01:10:15]} {[%emt 00:00:59]} 10.
O-O-O {[%clk 01:18:10]} {[%emt 00:00:47]} Bd7 {[%clk 01:06:42]} {[%emt
00:04:02]} 11. Be2 {[%clk 01:17:02]} {[%emt 00:01:39]} Bc5 {[%clk 01:04:55]}
{[%emt 00:02:17]} 12. Qg4 {[%clk 01:16:46]} {[%emt 00:00:46]} Rg8 {[%clk
01:02:45]} {[%emt 00:02:39]} 13. Rd3 {[%clk 01:14:20]} {[%emt 00:02:57]} f6
{[%clk 01:00:00]} {[%emt 00:03:14]} 14. Qh5+ {[%clk 01:13:57]} {[%emt
00:00:55]} Ke7 {[%clk 00:56:54]} {[%emt 00:03:34]} 15. exf6+ {[%clk 01:14:02]}
{[%emt 00:00:26]} gxf6 {[%clk 00:56:40]} {[%emt 00:00:42]} 16. Qxh7+ {[%clk
01:14:25]} {[%emt 00:00:09]} 1-0